[Event "Bad Woerishofen op"]
[Site "?"]
[Date "2000.??.??"]
[Round "7"]
[White "Kuprejchik, Victor"]
[Black "Schaffarth, Peter"]
[Result "1-0"]
[WhiteElo "2480"]
[BlackElo "2160"]
[PlyCount "120"]
[EventDate "2000.??.??"]

1. e4 d5 2. exd5 Nf6 3. Bb5+ Bd7 4. Be2 Nxd5 5. d4 Bf5 6. Nf3 e6 7. O-O Be7 8.
c4 Nb6 9. Nc3 O-O 10. Bf4 Nc6 11. Qd2 Bf6 12. Rad1 Re8 13. Bg3 Re7 14. Qf4 Rd7
15. d5 Ne7 16. Ne5 Ng6 17. Nxg6 hxg6 18. dxe6 Bxe6 19. Ne4 Be7 20. b3 Rc8 21.
Rxd7 Nxd7 22. Rd1 Qe8 23. Bf3 Bb4 24. Ng5 c6 25. Nxe6 Qxe6 26. Qd4 Re8 27. h3
Ne5 28. Be4 f5 29. Bc2 b6 30. Kh1 Qf6 31. a3 Bc5 32. Qd2 Nf7 33. b4 Rd8 34. Qc1
Rxd1+ 35. Bxd1 Bd6 36. c5 Bxg3 37. fxg3 bxc5 38. Bb3 cxb4 39. axb4 Kh7 40. Qc4
Nh6 41. Kh2 Qd6 42. Ba4 g5 43. Bxc6 g4 44. h4 g6 45. Be8 Qe7 46. Qc6 Qg7 47.
Qc5 Qa1 48. Bd7 Kh8 49. b5 Kh7 50. Qc7 Kh8 51. Qb8+ Kh7 52. Qb7 f4 53. Bc6+ Kh8
54. Qc7 Kg8 55. Qxf4 Kg7 56. Qc7+ Kh8 57. Qb8+ Kg7 58. Qb7+ Kf6 59. Qa8 Nf7 60.
b6 Qe1 1-0

[Event "Bad Woerishofen op"]
[Site "?"]
[Date "2000.??.??"]
[Round "9"]
[White "Kuprejchik, Victor"]
[Black "Senff, Martin"]
[Result "1-0"]
[WhiteElo "2480"]
[BlackElo "2349"]
[PlyCount "77"]
[EventDate "2000.??.??"]

1. e4 e6 2. d4 d5 3. e5 c5 4. c3 Qb6 5. a3 Bd7 6. Nf3 a5 7. Bd3 Bb5 8. dxc5
Bxc5 9. O-O Ne7 10. Bxb5+ Qxb5 11. a4 Qb6 12. Nbd2 Ng6 13. Nb3 Be7 14. Be3 Qc7
15. Nbd4 Nc6 16. Nb5 Qd7 17. Qe2 O-O 18. Bd4 f6 19. Rad1 Rac8 20. exf6 Bxf6 21.
Rfe1 e5 22. Bc5 Nf4 23. Qf1 Qg4 24. Bxf8 Rxf8 25. Kh1 e4 26. Ng1 Ne5 27. Re3
Ned3 28. f3 Qh5 29. g3 Ng6 30. Rexd3 exd3 31. Qxd3 Rd8 32. f4 Ne7 33. Nf3 Nf5
34. Kg2 Qg4 35. Re1 h5 36. Qe2 Nd6 37. Nxd6 Rxd6 38. Qe8+ Kh7 39. Re5 1-0

[Event "Bad Woerishofen op"]
[Site "?"]
[Date "2000.??.??"]
[Round "2"]
[White "Laengl, Juergen"]
[Black "Taufratshofer, Martin"]
[Result "1-0"]
[WhiteElo "2248"]
[BlackElo "2104"]
[PlyCount "83"]
[EventDate "2000.??.??"]

1. d4 d5 2. Nc3 Nf6 3. Bg5 e6 4. e4 dxe4 5. Nxe4 Be7 6. Bxf6 Bxf6 7. Nf3 Nd7 8.
Qd2 O-O 9. O-O-O b6 10. Qf4 Bb7 11. Bb5 Bxe4 12. Qxe4 Qe7 13. Rhe1 Bg5+ 14. Kb1
Nf6 15. Qe5 Bh6 16. d5 Qc5 17. dxe6 Qxe5 18. exf7+ Rxf7 19. Nxe5 Re7 20. g3 g6
21. Ng4 Rxe1 22. Nxh6+ Kg7 23. Nf5+ gxf5 24. Rxe1 Rd8 25. Kc1 Ng4 26. f3 Rd5
27. Be2 Nf6 28. Bc4 Rd7 29. Re5 c6 30. Rxf5 Nd5 31. Bxd5 cxd5 32. Kd2 Kg6 33.
Re5 Kf6 34. f4 d4 35. Kd3 Rc7 36. Re4 Kf5 37. Rxd4 Kg4 38. c3 Kh3 39. Ke3 Kxh2
40. Kf2 Kh3 41. f5 Rf7 42. Rh4# 1-0

[Event "Bad Woerishofen op"]
[Site "?"]
[Date "2000.??.??"]
[Round "3"]
[White "Laengl, Juergen"]
[Black "Ivanov, Michail"]
[Result "0-1"]
[WhiteElo "2248"]
[BlackElo "2465"]
[PlyCount "36"]
[EventDate "2000.??.??"]

1. d4 Nf6 2. Nc3 d5 3. Bg5 Nbd7 4. Qd3 g6 5. O-O-O Bg7 6. f3 O-O 7. e4 dxe4 8.
fxe4 c5 9. d5 b5 10. Nxb5 Ba6 11. a4 Ne5 12. Qe2 Qa5 13. b3 Bxb5 14. Qxb5 Qc3
15. Bxf6 Bxf6 16. a5 c4 17. Bxc4 Rab8 18. Ne2 Qe3+ 0-1

[Event "Bad Woerishofen op"]
[Site "?"]
[Date "2000.??.??"]
[Round "6"]
[White "Laengl, Juergen"]
[Black "Schenk, Uwe"]
[Result "1-0"]
[WhiteElo "2248"]
[BlackElo "2147"]
[PlyCount "57"]
[EventDate "2000.??.??"]

1. d4 Nf6 2. Nc3 d5 3. Bg5 Nbd7 4. Qd3 h6 5. Bh4 c5 6. Nf3 e6 7. e3 Be7 8. Be2
b6 9. e4 Bb7 10. e5 Ne4 11. Bxe7 Qxe7 12. O-O O-O 13. Rad1 cxd4 14. Qxd4 Nxc3
15. Qxc3 Rfc8 16. Qd2 Nc5 17. Qb4 Rc7 18. Nd4 Ba6 19. Qe1 Qe8 20. Bxa6 Nxa6 21.
f4 g6 22. Rd3 Qe7 23. Rh3 Kg7 24. f5 exf5 25. Rxf5 Rc4 26. Rf4 Re8 27. Rhf3 Nb4
28. Qg3 Nc6 29. Nf5+ 1-0

[Event "Bad Woerishofen op"]
[Site "?"]
[Date "2000.??.??"]
[Round "2"]
[White "Landau, Christian"]
[Black "Vonach, Bernhard"]
[Result "1-0"]
[WhiteElo "2034"]
[BlackElo "1740"]
[PlyCount "151"]
[EventDate "2000.??.??"]

1. Nf3 Nf6 2. g3 d5 3. Bg2 g6 4. O-O Bg7 5. d3 O-O 6. Nbd2 Re8 7. e4 e5 8. c3
c5 9. Re1 d4 10. cxd4 cxd4 11. Nc4 Nc6 12. a4 Nd7 13. Nd6 Re6 14. Nxc8 Rxc8 15.
Bh3 Re8 16. Bd2 a5 17. Qb3 Nc5 18. Qc4 Ne6 19. Qb5 Bf8 20. Rec1 Qc7 21. Rc2 Bb4
22. Bh6 Qe7 23. Rac1 Rc7 24. Nxe5 Nxe5 25. Qxe5 Rxc2 26. Rxc2 f6 27. Qxe6+ Qxe6
28. Bxe6+ Rxe6 29. Rc8+ Kf7 30. Rf8+ Ke7 31. Rh8 Rb6 32. Rxh7+ Ke6 33. Rc7 g5
34. Rc4 Bd2 35. Rc2 Bb4 36. h4 Be7 37. hxg5 fxg5 38. Bg7 Rb3 39. Bxd4 Rxd3 40.
Be3 Rb3 41. Bd2 b6 42. Bc3 Bf6 43. e5 Be7 44. Kg2 Bc5 45. Kf1 Kd5 46. Rd2+ Ke6
47. Rd8 Bb4 48. Bd4 Bc5 49. Bxc5 bxc5 50. Re8+ Kd7 51. Ra8 Rxb2 52. Rxa5 Kc6
53. e6 Rb7 54. Ra6+ Kd5 55. Ke2 g4 56. Ke3 Ke5 57. a5 Rb3+ 58. Kd2 Kf6 59. Rc6
Rb5 60. a6 Ra5 61. Ke3 Ra3+ 62. Ke4 c4 63. Kf4 Rf3+ 64. Kxg4 Rxf2 65. Rxc4 Kxe6
66. Ra4 Rf8 67. a7 Ra8 68. Kf4 Kf6 69. Ra6+ Kf7 70. Kf5 Kg7 71. g4 Kf7 72. g5
Kg7 73. Ke5 Kf7 74. Kd5 Ke8 75. Kc6 Kd8 76. Kb7 1-0

[Event "Bad Woerishofen op"]
[Site "?"]
[Date "2000.??.??"]
[Round "4"]
[White "Landau, Christian"]
[Black "de Francesco, Klaus"]
[Result "1/2-1/2"]
[WhiteElo "2034"]
[BlackElo "2279"]
[PlyCount "47"]
[EventDate "2000.??.??"]

1. e4 e6 2. d3 d5 3. Nd2 Nf6 4. Ngf3 b6 5. g3 Bb7 6. e5 Nfd7 7. Bg2 c5 8. O-O
Nc6 9. Re1 Qc7 10. Qe2 Be7 11. Nf1 h6 12. h4 b5 13. Bf4 a5 14. h5 a4 15. a3 b4
16. Ne3 Nb6 17. Nd2 Bg5 18. Bxg5 hxg5 19. axb4 cxb4 20. Qg4 Qe7 21. d4 Na5 22.
Nf3 b3 23. cxb3 Nxb3 24. Rad1 1/2-1/2

[Event "Bad Woerishofen op"]
[Site "?"]
[Date "2000.??.??"]
[Round "6"]
[White "Landau, Christian"]
[Black "Eichler, Gottfried"]
[Result "1/2-1/2"]
[WhiteElo "2034"]
[BlackElo "2173"]
[PlyCount "36"]
[EventDate "2000.??.??"]

1. e4 c6 2. c4 d5 3. exd5 cxd5 4. cxd5 Nf6 5. Qa4+ Bd7 6. Qb3 Qc7 7. Nc3 Na6 8.
d4 Qb6 9. Bc4 Qxb3 10. Bxb3 O-O-O 11. Nf3 Be8 12. O-O Nb4 13. Be3 Kb8 14. Rac1
Nd3 15. Rb1 Nb4 16. Rfc1 a6 17. Bf4+ Ka7 18. a3 Nd3 1/2-1/2

[Event "Bad Woerishofen op"]
[Site "?"]
[Date "2000.??.??"]
[Round "7"]
[White "Landau, Christian"]
[Black "Prestel, Oliver"]
[Result "1-0"]
[WhiteElo "2034"]
[BlackElo "2186"]
[PlyCount "71"]
[EventDate "2000.??.??"]

1. e4 c5 2. Nf3 d6 3. g3 Nc6 4. Bg2 g6 5. d4 cxd4 6. Nxd4 Bg7 7. Ne2 h5 8. h3
Bd7 9. O-O Nh6 10. Nbc3 Qc8 11. Kh2 h4 12. g4 Ne5 13. f4 Nc4 14. Qd3 b5 15. g5
Ng8 16. b3 Nb6 17. Be3 Rb8 18. Bd4 e5 19. Nxb5 Bxb5 20. Qxb5+ Nd7 21. Qa4 exd4
22. Rad1 Qc5 23. a3 Ne7 24. Nxd4 Nc8 25. e5 Ncb6 26. Qxa7 dxe5 27. Nc6 Rc8 28.
Qb7 e4 29. Rxd7 Rxc6 30. Rxf7 Bf8 31. Bxe4 Re6 32. Rc7 Qd4 33. Bc6+ Rxc6 34.
Re1+ Be7 35. Rexe7+ Kf8 36. Qb8+ 1-0

[Event "Bad Woerishofen op"]
[Site "Bad Woerishofen"]
[Date "2000.??.??"]
[Round "1"]
[White "Lang, Ludwig"]
[Black "Jaenig, Reinhard"]
[Result "0-1"]
[WhiteElo "1119"]
[BlackElo "2097"]
[PlyCount "26"]
[EventDate "1998.03.05"]
[Source "ChessBase"]
[SourceDate "1998.04.29"]

1. d4 Nf6 2. g3 c5 3. c3 e6 4. Bg2 d5 5. Nf3 Nbd7 6. O-O Bd6 7. Be3 b6 8. Ne1
Ng4 9. Nc2 h5 10. h3 Nxe3 11. Nxe3 Qg5 12. Qe1 h4 13. g4 Qf4 0-1

[Event "Bad Woerishofen op"]
[Site "?"]
[Date "2000.??.??"]
[Round "4"]
[White "Lang, Ludwig"]
[Black "Schmidt, Volker"]
[Result "0-1"]
[WhiteElo "1119"]
[BlackElo "2007"]
[PlyCount "78"]
[EventDate "2000.??.??"]

1. d4 d5 2. Nf3 Nf6 3. g3 g6 4. Bg2 Bg7 5. O-O O-O 6. Bf4 Nbd7 7. b4 Nh5 8. Be3
a5 9. bxa5 c5 10. c3 c4 11. Na3 Qxa5 12. Nb1 b5 13. Bd2 Bb7 14. Ne1 Nhf6 15. f3
Ra7 16. Nc2 Rfa8 17. a3 Qb6 18. Be3 Nb8 19. Bf2 Qd8 20. Nd2 Ra5 21. e3 Nfd7 22.
Qc1 Nb6 23. e4 e5 24. Qe1 Na4 25. Nb1 Nb2 26. Qe2 Nd3 27. Be3 Na6 28. Nd2 exd4
29. cxd4 Nc7 30. e5 Ne6 31. f4 Bf8 32. Nb1 b4 33. Bc1 b3 34. Ne3 Nxd4 35. Qd2
Bb4 36. Qd1 Nxc1 37. Qxc1 Ne2+ 38. Kf2 Nxc1 39. Rxc1 b2 0-1

[Event "Bad Woerishofen op"]
[Site "?"]
[Date "2000.??.??"]
[Round "6"]
[White "Lang, Ludwig"]
[Black "Schuetz, Robert"]
[Result "1/2-1/2"]
[WhiteElo "1119"]
[BlackElo "1690"]
[PlyCount "71"]
[EventDate "2000.??.??"]

1. d4 Nf6 2. c4 g6 3. Nc3 d5 4. b3 Bg7 5. e3 O-O 6. Be2 Be6 7. Nf3 c5 8. O-O
dxc4 9. Bxc4 Bxc4 10. bxc4 Na6 11. a3 cxd4 12. exd4 Rc8 13. c5 b6 14. Na4 bxc5
15. dxc5 Qc7 16. Be3 Rfd8 17. Qe2 Qc6 18. Qc4 Nd5 19. Rac1 Nxe3 20. fxe3 Nb8
21. Rc2 Qa6 22. Qb3 Rc7 23. Ng5 e6 24. Qc4 Qxc4 25. Rxc4 Rdc8 26. Ne4 Bf8 27.
Rfc1 Nd7 28. Kf1 f5 29. Ng5 Rc6 30. Ke2 Ne5 31. R4c2 h6 32. Nf3 Nxf3 33. Kxf3
Bg7 34. Rc4 Kf7 35. Rb1 R6c7 36. Rbc1 1/2-1/2

[Event "Bad Woerishofen op"]
[Site "?"]
[Date "2000.??.??"]
[Round "8"]
[White "Lang, Ludwig"]
[Black "Schaffarth, Marianne"]
[Result "1/2-1/2"]
[WhiteElo "1119"]
[BlackElo "1710"]
[PlyCount "64"]
[EventDate "2000.??.??"]

1. d4 Nf6 2. c4 g6 3. g3 Bg7 4. Bg2 d5 5. c5 Nc6 6. e3 O-O 7. Nf3 Bg4 8. O-O
Qc8 9. b3 Bh3 10. Bb2 Bxg2 11. Kxg2 Ne4 12. Nbd2 Nxc5 13. Rb1 Nd7 14. Ba1 e5
15. dxe5 Ndxe5 16. Nxe5 Nxe5 17. Bxe5 Bxe5 18. Nf3 Qe6 19. Ng5 Qb6 20. Nf3 Rfe8
21. Ne1 d4 22. exd4 Qxd4 23. Qxd4 Bxd4 24. Nf3 Bf6 25. Rbc1 c6 26. Rc2 Re7 27.
Re1 Rae8 28. Rxe7 Rxe7 29. Ng1 Rd7 30. Nf3 Kf8 31. Rd2 Rxd2 32. Nxd2 Ke7
1/2-1/2

[Event "Bad Woerishofen op"]
[Site "?"]
[Date "2000.??.??"]
[Round "2"]
[White "Laux, Dieter"]
[Black "Probst, Joachim"]
[Result "0-1"]
[WhiteElo "1423"]
[BlackElo "1850"]
[PlyCount "98"]
[EventDate "2000.??.??"]

1. e4 c6 2. d4 d5 3. Nc3 dxe4 4. Bc4 Nf6 5. f3 Bf5 6. g4 Bg6 7. g5 Nd5 8. Nxe4
e6 9. c3 Be7 10. h4 Nb6 11. Bb3 Qc7 12. Ne2 Na6 13. Bf4 Qd7 14. N2g3 Bxe4 15.
fxe4 c5 16. Qd3 cxd4 17. cxd4 Nb4 18. Qd2 Qb5 19. Rd1 Nxa2 20. Qd3 Qxd3 21.
Rxd3 Nb4 22. Rc3 Rd8 23. Be5 f6 24. Nh5 fxe5 25. O-O Rxd4 26. Rc7 Kd8 27. Rxb7
Rd7 28. Rb8+ Nc8 29. Bxe6 Bc5+ 30. Kh1 Rc7 31. Rd1+ Ke7 32. Nxg7 Nc6 33. Ra8
Nd4 34. Bg4 Rg8 35. Nh5 h6 36. Bxc8 hxg5 37. Bb7 Rxa8 38. Bxa8 Rc8 39. hxg5 Rh8
40. Rc1 Rxh5+ 41. Kg2 Rxg5+ 42. Kh3 Ne6 43. Kh2 Bd4 44. b4 Bb6 45. Bb7 Nf4 46.
Rc2 Rh5+ 47. Kg3 Kf6 48. Rc6+ Kg5 49. Ba6 Rh3# 0-1

[Event "Bad Woerishofen op"]
[Site "?"]
[Date "2000.??.??"]
[Round "5"]
[White "Laux, Dieter"]
[Black "Schoenstein, Thomas"]
[Result "0-1"]
[WhiteElo "1423"]
[BlackElo "1750"]
[PlyCount "70"]
[EventDate "2000.??.??"]

1. d4 Nf6 2. Nf3 g6 3. Bg5 Ne4 4. Bh4 d5 5. e3 c5 6. c3 Bg7 7. a4 Nc6 8. dxc5
O-O 9. Nd4 Nxc5 10. Nd2 Qc7 11. Qf3 e5 12. Nb5 Qb6 13. b4 Na6 14. a5 Nd4 15.
exd4 Qc6 16. Bg3 exd4 17. Nxd4 Bxd4 18. cxd4 Nxb4 19. Bd3 Bg4 20. Qxg4 Nxd3+
21. Kd1 Rfe8 22. Rb1 Rac8 23. Qxc8 Qxc8 24. Nb3 Qc3 25. f3 Nb2+ 26. Rxb2 Qxb2
27. Nc1 Qxd4+ 28. Kc2 Rc8+ 29. Kb1 Qb4+ 30. Ka1 Qa3+ 31. Kb1 Rc4 32. Be5 Qa4
33. Re1 Qc2+ 34. Ka1 Ra4+ 35. Na2 Qxa2# 0-1

[Event "Bad Woerishofen op"]
[Site "?"]
[Date "2000.??.??"]
[Round "7"]
[White "Laux, Dieter"]
[Black "Seifert, Frank"]
[Result "0-1"]
[WhiteElo "1423"]
[BlackElo "1788"]
[PlyCount "78"]
[EventDate "2000.??.??"]

1. d4 e6 2. Nf3 f5 3. e3 Nf6 4. a3 Be7 5. c4 O-O 6. Bd3 d6 7. Qc2 g6 8. O-O
Nbd7 9. Re1 e5 10. Ng5 Nb8 11. f3 exd4 12. exd4 Nc6 13. Qf2 Nh5 14. h4 h6 15.
g4 Ng7 16. Rxe7 Nxe7 17. Nh3 fxg4 18. Nf4 Qe8 19. Nc3 gxf3 20. Nb5 Qd7 21. Qxf3
c6 22. Qe4 Qg4+ 23. Kf1 cxb5 24. Qxe7 Rxf4+ 25. Bxf4 Qxf4+ 26. Kg2 Qg4+ 27. Kf2
Qxd4+ 28. Qe3 Qxh4+ 29. Qg3 Qd4+ 30. Ke1 Qxb2 31. Rd1 Qc3+ 32. Rd2 Bf5 33. cxb5
Re8+ 34. Kd1 Qb3+ 35. Kc1 Qxa3+ 36. Kb1 Bxd3+ 37. Rxd3 Re1+ 38. Kc2 Qc5+ 39.
Kd2 Qc1# 0-1

[Event "Bad Woerishofen op"]
[Site "?"]
[Date "2000.??.??"]
[Round "9"]
[White "Laux, Dieter"]
[Black "Schoebel, Klaus"]
[Result "1-0"]
[WhiteElo "1423"]
[BlackElo "1638"]
[PlyCount "99"]
[EventDate "2000.??.??"]

1. d4 d5 2. Nf3 Nf6 3. e3 e6 4. Bd3 c5 5. c3 c4 6. Bc2 Nc6 7. a4 Bd6 8. Nbd2
O-O 9. O-O e5 10. e4 exd4 11. cxd4 Bg4 12. e5 Bxe5 13. dxe5 Nxe5 14. Ra3 d4 15.
Qe1 Re8 16. Nxe5 Nd7 17. Qe4 d3 18. Ndxc4 Nxe5 19. Bxd3 Nf3+ 20. gxf3 Rxe4 21.
fxe4 Qf6 22. e5 Qc6 23. f3 Be6 24. Nd6 Qc5+ 25. Kg2 Qxe5 26. Nxb7 Rb8 27. Be4
f5 28. Bc6 f4 29. Be4 Bd5 30. Bxf4 Qxb2+ 31. Rf2 Qxa3 32. Bxd5+ Kh8 33. Bxb8
Qxa4 34. Bxa7 Qf4 35. Be4 Qg5+ 36. Kf1 Qc1+ 37. Kg2 Qg5+ 38. Kh3 Qh6+ 39. Kg4
Qe6+ 40. Kf4 Qh6+ 41. Ke5 Qf6+ 42. Kd5 Qg5+ 43. Kc6 Qf6+ 44. Nd6 Qc3+ 45. Bc5
Qa5 46. Nf7+ Kg8 47. Bd5 Qa4+ 48. Kb6 h5 49. Ng5+ Kh8 50. Ra2 1-0

[Event "Bad Woerishofen op"]
[Site "Bad Woerishofen"]
[Date "2000.??.??"]
[Round "1"]
[White "Lecheler, Rudolf"]
[Black "Schaffarth, Peter"]
[Result "1/2-1/2"]
[WhiteElo "1721"]
[BlackElo "2160"]
[PlyCount "120"]
[EventDate "1998.03.05"]
[Source "ChessBase"]
[SourceDate "1998.04.29"]

1. Nf3 Nf6 2. c4 g6 3. b3 Bg7 4. Bb2 d6 5. g3 O-O 6. Bg2 e5 7. d3 Nbd7 8. O-O
Nc5 9. Nbd2 Bd7 10. Rc1 a5 11. Rc2 Qe7 12. Ng5 Rad8 13. Nge4 Nfxe4 14. Nxe4 Ne6
15. e3 Bc6 16. Nc3 Bxg2 17. Kxg2 f5 18. Nd5 Qd7 19. f4 c6 20. Nc3 Rfe8 21. Ne2
Nc5 22. Rd2 exf4 23. exf4 Bxb2 24. Rxb2 d5 25. Nc1 dxc4 26. bxc4 Qd4 27. Re2
Kf7 28. Rfe1 Rxe2+ 29. Qxe2 Qd7 30. Qe5 b6 31. Re3 Ne6 32. Qb2 Qd4 33. Qe2 Qd6
34. Qb2 Qd4 35. Qe2 Qd7 36. Qb2 b5 37. Re5 bxc4 38. dxc4 c5 39. Qe2 a4 40. Rd5
Qc6 41. Qf3 Nd4 42. Qd1 Rxd5 43. cxd5 Qxd5+ 44. Kh3 Qc4 45. Qh1 Kf6 46. Qe1 Kf7
47. Qh1 Kg7 48. Qe1 Kh6 49. Qd1 g5 50. fxg5+ Kxg5 51. Qd2+ Kg6 52. Nd3 Qb5 53.
Nf4+ Kg7 54. Qd1 Kf8 55. Qh1 Qd7 56. Qa8+ Kg7 57. Qb8 Nf3 58. Qb2+ Nd4 59. Qb8
Qc6 60. Qa7+ Kg8 1/2-1/2

[Event "Bad Woerishofen op"]
[Site "?"]
[Date "2000.??.??"]
[Round "3"]
[White "Lecheler, Rudolf"]
[Black "Santner, Thomas"]
[Result "0-1"]
[WhiteElo "1721"]
[BlackElo "1939"]
[PlyCount "60"]
[EventDate "2000.??.??"]

1. Nf3 c5 2. c4 Nf6 3. g3 b6 4. Bg2 Bb7 5. O-O e6 6. b3 Be7 7. Bb2 O-O 8. d3 d5
9. e3 Nbd7 10. Nbd2 Qc7 11. Qe2 Rac8 12. Rac1 Qb8 13. Rfd1 Rfd8 14. d4 Qa8 15.
cxd5 exd5 16. Bh3 c4 17. Ne5 b5 18. e4 Bb4 19. a3 Bxd2 20. Rxd2 Nxe4 21. Rdc2
Nef6 22. b4 Rc7 23. f4 Nf8 24. Re1 Bc8 25. Bg2 Bf5 26. Rcc1 Be4 27. Bc3 Bxg2
28. Qxg2 Ne4 29. Ng4 Re8 30. Nf2 Nxc3 0-1

[Event "Bad Woerishofen op"]
[Site "?"]
[Date "2000.??.??"]
[Round "5"]
[White "Lecheler, Rudolf"]
[Black "Salvermoser, Bernd"]
[Result "0-1"]
[WhiteElo "1721"]
[BlackElo "2190"]
[PlyCount "112"]
[EventDate "2000.??.??"]

1. Nf3 c5 2. c4 b6 3. g3 Bb7 4. Bg2 Nf6 5. O-O e6 6. b3 Be7 7. Bb2 d6 8. d3 O-O
9. Nbd2 Nbd7 10. Rc1 d5 11. e3 Qb8 12. Qe2 Re8 13. Rfd1 e5 14. e4 d4 15. Bh3
Rf8 16. Rf1 Qc7 17. Rc2 g6 18. Bc1 Bd6 19. Nb1 Nh5 20. Bh6 Ng7 21. Ng5 Kh8 22.
Qf3 Kg8 23. Qe2 Nf6 24. Qd2 Nfh5 25. Bg4 Rfe8 26. Nh3 Nf6 27. Bf3 Kh8 28. Bg2
Ng4 29. f3 Nxh6 30. Qxh6 f6 31. f4 Bf8 32. Qh4 exf4 33. gxf4 Be7 34. Qg4 f5 35.
Qe2 fxe4 36. dxe4 Rad8 37. Qd3 Rf8 38. Re2 Nh5 39. f5 gxf5 40. exf5 Bc8 41. Bd5
Ng7 42. Be4 Rf6 43. Ref2 Rg8 44. Kh1 Rgf8 45. Nd2 Qd7 46. Nf3 Nxf5 47. Ne5 Qe6
48. Ng6+ hxg6 49. Ng5 Qg8 50. Qh3+ Kg7 51. Bd5 Qh8 52. Qd3 Qh4 53. Rg2 Ne3 54.
Rxf6 Rxf6 55. Rg1 Bd6 56. Nf3 Qf2 0-1

[Event "Bad Woerishofen op"]
[Site "?"]
[Date "2000.??.??"]
[Round "8"]
[White "Lecheler, Rudolf"]
[Black "Walke, Guenter"]
[Result "1/2-1/2"]
[WhiteElo "1721"]
[BlackElo "1838"]
[PlyCount "44"]
[EventDate "2000.??.??"]

1. Nf3 f5 2. g3 Nf6 3. Bg2 e6 4. c4 c6 5. b3 d5 6. Bb2 Bd6 7. O-O O-O 8. e3
Nbd7 9. d4 Qe8 10. Nc3 Ne4 11. Nd2 Ndf6 12. Ncxe4 fxe4 13. f3 exf3 14. Bxf3 Bd7
15. e4 dxe4 16. Nxe4 Nxe4 17. Bxe4 Rxf1+ 18. Qxf1 Qe7 19. Qd3 g6 20. Rf1 Rf8
21. Rxf8+ Qxf8 22. Qf3 Qxf3 1/2-1/2

[Event "Bad Woerishofen op"]
[Site "Bad Woerishofen"]
[Date "2000.??.??"]
[Round "1"]
[White "Lechner, Otto"]
[Black "Graf, Christian"]
[Result "0-1"]
[WhiteElo "1820"]
[BlackElo "2222"]
[PlyCount "58"]
[EventDate "1998.03.05"]
[Source "ChessBase"]
[SourceDate "1998.04.29"]

1. d4 d5 2. Nc3 Nf6 3. Nf3 Bf5 4. Nh4 Bg6 5. Bf4 e6 6. Nxg6 hxg6 7. Qd3 Nc6 8.
a3 Be7 9. e3 O-O 10. Be2 Na5 11. h4 Nc4 12. Rb1 c5 13. h5 gxh5 14. Bxh5 Nxh5
15. Rxh5 g6 16. Rh3 cxd4 17. exd4 Bf6 18. Ke2 Qb6 19. Be5 Nxe5 20. dxe5 Bxe5
21. Rbh1 Qxb2 22. Nd1 Qd4 23. Qf3 Qc4+ 24. Ke1 Qxc2 25. Rh8+ Bxh8 26. Qh3 Qe4+
27. Ne3 Bc3+ 28. Ke2 g5 29. f3 Qh4 0-1

[Event "Bad Woerishofen op"]
[Site "?"]
[Date "2000.??.??"]
[Round "3"]
[White "Lechner, Otto"]
[Black "Pohlers, Juergen"]
[Result "1-0"]
[WhiteElo "1820"]
[BlackElo "2136"]
[PlyCount "119"]
[EventDate "2000.??.??"]

1. c4 e5 2. Nc3 Nf6 3. g3 Bb4 4. Bg2 O-O 5. a3 Bxc3 6. bxc3 d6 7. Nf3 Nc6 8.
Rb1 h6 9. O-O Na5 10. d3 e4 11. Nd4 Rb8 12. Qa4 c5 13. Nb5 exd3 14. exd3 Bf5
15. Rd1 Bd7 16. Bf4 a6 17. Bxd6 axb5 18. cxb5 Bg4 19. Bxb8 Bxd1 20. Rxd1 Re8
21. Bf4 Re2 22. h3 g5 23. Bf3 Ra2 24. Be3 b6 25. d4 c4 26. d5 Nd7 27. Bd4 Qf8
28. Qb4 Rxa3 29. Qxf8+ Kxf8 30. d6 Nb3 31. Bc6 Nxd4 32. Rxd4 Ra7 33. Rxc4 Nc5
34. Rd4 Ne6 35. Rd3 Ra4 36. Re3 Ra1+ 37. Kg2 Rd1 38. d7 Kg7 39. Re5 Kf6 40. Re4
Rd6 41. Kf3 h5 42. Ke3 Rd1 43. Ke2 Rd6 44. f3 Nc5 45. Rd4 Rxd4 46. cxd4 Ne6 47.
Ke3 Ke7 48. Ke4 f6 49. f4 h4 50. gxh4 gxh4 51. d5 Ng7 52. f5 Kd8 53. Kf4 Ke7
54. Kg4 Kd8 55. Kxh4 Nxf5+ 56. Kg4 Nd6 57. h4 Ke7 58. h5 Nf7 59. Kf5 Nd8 60.
Kg6 1-0

[Event "Bad Woerishofen op"]
[Site "?"]
[Date "2000.??.??"]
[Round "5"]
[White "Lechner, Otto"]
[Black "Loos, Udo"]
[Result "0-1"]
[WhiteElo "1820"]
[BlackElo "2109"]
[PlyCount "78"]
[EventDate "2000.??.??"]

1. e4 c5 2. Nf3 Nc6 3. d4 cxd4 4. Nxd4 g6 5. Nc3 Bg7 6. Be3 Nf6 7. f3 O-O 8.
Qd2 d5 9. Nxc6 bxc6 10. Rd1 Be6 11. exd5 Nxd5 12. Bd4 Bxd4 13. Qxd4 Qa5 14. a3
Rab8 15. Qa4 Qxa4 16. Nxa4 Ne3 17. Rd2 Bc4 18. Bd3 Bxd3 19. cxd3 Rfd8 20. Nc3
Rd7 21. Nd1 Nd5 22. g3 Nb6 23. Nc3 Rbd8 24. Re2 e6 25. O-O Rxd3 26. Rff2 Nc4
27. Ne4 Rb8 28. Nc5 Rd5 29. Na6 Rb6 30. Nb4 Rd1+ 31. Kg2 a5 32. Na2 Rb1 33. b4
Nxa3 34. bxa5 Ra6 35. Nc3 Rc1 36. Ne4 Rxa5 37. Ra2 Nc4 38. Rae2 Kg7 39. Ng5
Rxg5 0-1

[Event "Bad Woerishofen op"]
[Site "?"]
[Date "2000.??.??"]
[Round "9"]
[White "Lechner, Otto"]
[Black "Meyer, Thomas"]
[Result "1-0"]
[WhiteElo "1820"]
[BlackElo "1744"]
[PlyCount "67"]
[EventDate "2000.??.??"]

1. e4 c6 2. d4 d5 3. Nd2 dxe4 4. Nxe4 Nf6 5. Ng3 h5 6. h3 h4 7. N3e2 Ne4 8. Be3
Bf5 9. Nf3 e6 10. c3 Bd6 11. Nc1 Nd7 12. Bd3 f6 13. Qc2 Ng5 14. Bxf5 Nxf3+ 15.
gxf3 exf5 16. Qxf5 Qe7 17. Nd3 O-O-O 18. O-O-O Qf7 19. Qa5 Kb8 20. Rhg1 Nb6 21.
Qf5 Rdg8 22. Bf4 Bxf4+ 23. Qxf4+ Ka8 24. Kb1 Qd7 25. Qg4 Qc7 26. Rge1 g5 27.
Re6 Rf8 28. Rde1 Qd8 29. Qe4 Nc4 30. Qe2 Nd6 31. Nc5 Nc8 32. a4 a5 33. b3 b6
34. Qa6+ 1-0

[Event "Bad Woerishofen op"]
[Site "Bad Woerishofen"]
[Date "2000.??.??"]
[Round "1"]
[White "Lerner, Konstantin"]
[Black "Dubois, Martine"]
[Result "1-0"]
[WhiteElo "2575"]
[BlackElo "2093"]
[PlyCount "61"]
[EventDate "1998.03.05"]
[Source "ChessBase"]
[SourceDate "1998.04.29"]

1. d4 d5 2. c4 Bf5 3. cxd5 Bxb1 4. Qa4+ c6 5. Rxb1 Qxd5 6. Nf3 Nd7 7. b4 e6 8.
e3 a5 9. bxa5 Rxa5 10. Qb3 Qxb3 11. axb3 Bb4+ 12. Bd2 Bxd2+ 13. Nxd2 b5 14. Bd3
Ne7 15. O-O O-O 16. Rfc1 Rfa8 17. g3 e5 18. Nf3 b4 19. Rc4 exd4 20. Rxd4 Nc5
21. Bc4 Nf5 22. Rdd1 Ne4 23. Rd7 Rf8 24. Rbd1 Nh6 25. R1d4 Nf6 26. Rc7 Rf5 27.
Kg2 Nfg4 28. h3 Ne5 29. Nxe5 Rxe5 30. Rxc6 Nf5 31. Rd7 1-0

[Event "Bad Woerishofen op"]
[Site "?"]
[Date "2000.??.??"]
[Round "3"]
[White "Lerner, Konstantin"]
[Black "Hartoch, Robert"]
[Result "1/2-1/2"]
[WhiteElo "2575"]
[BlackElo "2318"]
[PlyCount "62"]
[EventDate "2000.??.??"]

1. d4 g6 2. g3 Bg7 3. Bg2 d6 4. Nf3 c5 5. O-O cxd4 6. Nxd4 Qb6 7. Nb3 Nc6 8.
Nc3 Nf6 9. h3 O-O 10. e4 Be6 11. Be3 Qc7 12. f4 Rfc8 13. Rf2 Nd7 14. f5 Bxb3
15. axb3 Bxc3 16. bxc3 Nce5 17. c4 a6 18. Qe2 Qc6 19. Bg5 f6 20. Be3 b5 21.
cxb5 axb5 22. Rxa8 Rxa8 23. Bd4 g5 24. Qd2 Ra2 25. Qc3 Qxc3 26. Bxc3 Nc5 27. b4
Na4 28. Bd4 Ra3 29. Bxe5 fxe5 30. Bf1 Rxg3+ 31. Kh2 Re3 1/2-1/2

[Event "Bad Woerishofen op"]
[Site "?"]
[Date "2000.??.??"]
[Round "5"]
[White "Lerner, Konstantin"]
[Black "Ivanov, Michail"]
[Result "1-0"]
[WhiteElo "2575"]
[BlackElo "2465"]
[PlyCount "73"]
[EventDate "2000.??.??"]

1. d4 d6 2. g3 g6 3. Bg2 Bg7 4. Nf3 c5 5. O-O cxd4 6. Nxd4 Qb6 7. Nb3 Qc7 8. a4
Nc6 9. a5 Be6 10. a6 b6 11. Na3 Rc8 12. Nb5 Qd7 13. N3d4 Nxd4 14. Nxd4 Bh3 15.
Qd3 Bxg2 16. Kxg2 Rc5 17. e4 Nf6 18. f3 O-O 19. Be3 Rh5 20. h4 d5 21. Nb5 Qe6
22. Ra4 dxe4 23. fxe4 Qc6 24. Rb4 Ng4 25. Bf4 Qc5 26. c3 Be5 27. Qe2 Bxf4 28.
Rxf4 Ne5 29. Nd4 Rd8 30. Rb5 Qc7 31. Rf1 Qd7 32. Rd5 Qc8 33. Rb5 Qa8 34. g4
Nxg4 35. Qxg4 Rxb5 36. Nxb5 Rd2+ 37. Rf2 1-0